| 000 | 01048cam a22002652 4500 | ||
|---|---|---|---|
| 001 | 0000007214 | ||
| 005 | 20151021151112.0 | ||
| 008 | 071130s xx 000 0 eng d | ||
| 020 |
_a9966977279 : _cKES |
||
| 040 |
_aKABU _cKABU |
||
| 111 | 2 |
_aConference on Rethinking Global Security from an African Perspective _cNairobi, Kenya : _d2006. _@0000158352 |
|
| 245 | 1 | 0 |
_aRethinking global security : _ban African perspective / _ced. by Makumi Mwagiru and Okello Oculli. |
| 260 |
_aNairobi : _bHeinrich Boll Foundation, _c2006. |
||
| 300 | _avii, 293 p. | ||
| 591 | _bDonation | ||
| 650 | 0 |
_aSecurity, International _vCongresses _zAfrica. _@0000158353 |
|
| 650 | 0 |
_aPeace building _vCongresses _zAfrica. _@0000158354 |
|
| 650 | 0 |
_aAfrica _bForeign relations _vCongresses _y1960. _@0000158355 |
|
| 700 | 1 |
_aMwagiru, Makumi. _@0000158348 |
|
| 700 | 1 |
_aOculli, Okello. _@0000158356 |
|
| 908 | _a071130 | ||
| 950 | _@1 | ||
| 999 |
_c704 _d704 |
||